00405nam a2200145Ia 4500003000400000008004100004040001600045082001800061100002800079245007800107300001100185490000500196650002800201650003000229GCL140319s9999 xx 000 0 ara d aGCL / cGCL04a813.03bم ا1 aمؤنس الرزاز10aاعترافات كاتم صوت (رواية) / cمؤنس الرزاز a224 ص a04aالادب العربى04aالقصص العربية